00551nam a22001577a 4500008004100000020002300041100003500064245002400099250001200123260003700135300000800172546001200180942001200192999001700204952017200221230504b |||||||| |||| 00| 0 eng d a978-0-07-0700-99-4 aV. A. Zeithaml & M. J. Bitner  aServices Marketing  a5th Ed. aNew DelhibMcGraw Hill Pubc2011 a763 aEnglish 2ddccBK c20000d20000 pLLB 495g525.00l0eDonated By Mr. Karan Pandoh Assistant Prof. MIET SOLr2024-04-16 00:00:00w2023-05-04yBK004070aMIETLIBbMIETLIBc183/1d2023-04-2410HBBA LLB